00755nam a2200157Ia 450000500170000000800410001708200190005810000170007724500450009426000740013930000110021350002570022494200060048195200950048799900150058220250227041736.0240331s9999 xx 000 0 und d bVEE22179a920 aVeeramani, K 0aThamilaka Munnodikal: bThanthai Periyar aChennaibPeriyar Suyamariyaathai Pirachchaara Niruvana Veliyiduc1994 a26 p., aBiography of E. V. Ramasamy, also known as Thanthai Periyar, a prominent social reformer, thinker, and activist from Tamil Nadu, India, widely known for his efforts to eradicate caste discrimination, promote rationalism, and work toward social justice. cL 001040708LaWERCLbWERCLcSSCd2024-03-31l0o 920 VEEp2179r2024-03-31w2024-03-31yL c4277d4277